000 01042nam a2200229Ia 4500
003 Ost
005 20260507075641.0
008 260507s9999||||xx |||||||||||||| ||und||
020 _a7095673977
040 _cfsecg
041 _aara
082 _a350
100 _eمؤلف
245 0 _aالإدارة العامة والتنمية :
_bوثائق الدورة الخمسين المستأنفة للجمعية العامة للأمم المتحدة /
260 _aالقاهرة:
_bالمنظمة العربية للتنمية الإدارية,
_c1997
300 _a181 صفحة؛
_bإيضاحات ؛
_c24 سم
490 _aسلسلة ندوات ومؤتمرات
520 _aتقرير الأمين العام للأمم المتحدة، تقرير الخبراء ، الإدارة العامة والتنمية في الدول العربية ، وثيقة مقدمة من المنظمة العربية للتنمية الإدارية
653 _aالإدارة العامة
653 _aالتنمية
942 _cكتاب
999 _c45410
_d45410